| 000 | 00716nam a2200277Ia 4500 | ||
|---|---|---|---|
| 005 | 20250425161508.0 | ||
| 008 | 250425s9999 xx 000 0 und d | ||
| 020 | _a9684229208 | ||
| 041 | _aspa | ||
| 043 | _amx | ||
| 082 | _a519.2 | ||
| 100 | _aLIPSCHUTZ, SEYMOUR | ||
| 245 | 0 | _aPROBABILIDAD | |
| 250 | _a1A ED. | ||
| 260 | _aMEXICO | ||
| 260 |
_aMéxico _bMCGRAW-HILL _c1991 |
||
| 300 | _a151 | ||
| 500 | _aTítulo Traducido: SCHAUM'S OUTLINE OF PROBABILITY | ||
| 650 | _aCADENAS DE MARKOV | ||
| 650 | _aDISTRIBUCIONES DE PROBABILIDAD | ||
| 650 | _aPROBABILIDADES-MATEMATICAS | ||
| 650 | _aVARIABLES ALEATORIAS | ||
| 700 |
_aALFREDO FERRO DUQUE _etraductor |
||
| 942 | _c01 | ||
| 010 | _a21573 | ||
| 999 |
_c210394 _d210394 |
||